[Event "Voronezh op-B 11th"]
[Site "Voronezh"]
[Date "2007.06.19"]
[Round "8"]
[White "Vostruhin, Oleg"]
[Black "Koba, Igor"]
[Result "1/2-1/2"]
[WhiteElo "2119"]
[BlackElo "2225"]
[PlyCount "32"]
[EventDate "2007.06.12"]
[EventType "swiss"]
[EventRounds "9"]
[EventCountry "RUS"]
[SourceTitle "EXT 2010"]
[Source "ChessBase"]
[SourceDate "2010.11.25"]
[SourceVersion "1"]
[SourceVersionDate "2010.11.25"]
[SourceQuality "1"]

1. d4 Nf6 2. Nf3 g6 3. Nc3 d5 4. Bf4 c6 5. Qd2 Bg7 6. Bh6 Bxh6 7. Qxh6 Bf5 8. Qd2 Nbd7 9. e3 Qc7 10. Bd3 Ne4 11. Bxe4 dxe4 12. Nh4 0-0-0 13. Nxf5 gxf5 14. 0-0-0 Rhg8 15. g3 Ne5 16. Ne2 Ng4 1/2-1/2

[Event "Voronezh op-B 11th"]
[Site "Voronezh"]
[Date "2007.06.12"]
[Round "1"]
[White "Stroganov, Andrey"]
[Black "Vostruhin, Oleg"]
[Result "0-1"]
[WhiteElo "1932"]
[BlackElo "2119"]
[PlyCount "58"]
[EventDate "2007.06.12"]
[EventType "swiss"]
[EventRounds "9"]
[EventCountry "RUS"]
[SourceTitle "EXT 2010"]
[Source "ChessBase"]
[SourceDate "2010.11.25"]
[SourceVersion "1"]
[SourceVersionDate "2010.11.25"]
[SourceQuality "1"]

1. Nf3 Nf6 2. b3 d5 3. Bb2 Bg4 4. Ne5 Bh5 5. g3 Nbd7 6. Bg2 e6 7. 0-0 Bd6 8. Nxd7 Qxd7 9. c4 c6 10. Bxf6 gxf6 11. d4 Bg6 12. cxd5 cxd5 13. Nd2 Ba3 14. e4 Bb2 15. exd5 Bxa1 16. Qxa1 exd5 17. Qc3 0-0 18. Qf3 Qf5 19. Qxf5 Bxf5 20. Bxd5 Rad8 21. Bxb7 Rxd4 22. Nc4 Bd3 23. Rd1 Rfd8 24. Na5 Bb5 25. Rxd4 Rxd4 26. Kg2 Kf8 27. Kf3 Ke7 28. Be4 Rd7 29. a4 Bd3 0-1